Man's Search For Ultimate Meaning / (Record no. 13452)
[ view plain ]
| 000 -LEADER | |
|---|---|
| fixed length control field | 00720nam a2200241 a 4500 |
| 001 - CONTROL NUMBER | |
| JCCL Control Number | 13452 |
| 003 - CONTROL NUMBER IDENTIFIER | |
| JCCL marc code | BD-JhCC |
| 005 - DATE AND TIME OF LATEST TRANSACTION | |
| control field | 20230925100004.0 |
| 008 - FIXED-LENGTH DATA ELEMENTS--GENERAL INFORMATION | |
| fixed length control field | 230925b2011 us |||| ||a| 000 0 E d |
| 020 ## - INTERNATIONAL STANDARD BOOK NUMBER | |
| International Standard Book Number | 9781846043062 |
| 035 ## - SYSTEM CONTROL NUMBER | |
| system control number | (BD-JhCC)13452 |
| 040 ## - CATALOGING SOURCE | |
| Original cataloging agency | BD-JhCC |
| Modifying agency | BD-JhCC |
| 041 ## - LANGUAGE CODE | |
| Language code of Book | English |
| 082 ## - DEWEY DECIMAL CLASSIFICATION NUMBER | |
| Classification number | 150.195 |
| Author mark and Year | FRN 2011 |
| 100 ## - MAIN ENTRY--PERSONAL NAME | |
| Personal name | Frankl, Viktor E |
| 245 ## - TITLE STATEMENT | |
| Title | Man's Search For Ultimate Meaning / |
| Statement of responsibility, etc | Viktor E. Frankl. |
| 260 ## - PUBLICATION, DISTRIBUTION, ETC. (IMPRINT) | |
| Place of publication, distribution, etc | London: |
| Name of publisher, distributor, etc | Rider; |
| Date of publication, distribution, etc | 2011. |
| 300 ## - PHYSICAL DESCRIPTION | |
| Pagination | 190 p. : |
| Dimensions | 22 cm. |
| 650 ## - SUBJECT ADDED ENTRY--TOPICAL TERM | |
| Topical term or geographic name as entry element | Logotherapy |
| Form subdivision | Psychiatry and religion |
| General subdivision | Psychotherapy |
| Chronological subdivision | Existential psychotherapy |
| Geographic subdivision | Psychologists |
| 651 ## - SUBJECT ADDED ENTRY--GEOGRAPHIC NAME | |
| Geographic name | Austria |
| Form subdivision | Psychological aspects |
| Geographic subdivision | Existentialism |
| 942 ## - ADDED ENTRY ELEMENTS (KOHA) | |
| Source of classification or shelving scheme | Dewey Decimal Classification |
| Koha item type | Books |
| Source of classification or shelving scheme | Damaged status | Not for loan | Home library | Current library | Shelving location | Date of accession | Total Checkouts | Full call number | Barcode | Date last seen | Copy number | Method of acquisition | Koha item type | Currency |
|---|---|---|---|---|---|---|---|---|---|---|---|---|---|---|
| Dewey Decimal Classification | JCC Rouf Library | JCC Rouf Library | General Stacks | 150.195 FRN 2011 | 18345 | 09/25/2023 | C-1 | Purchase | Books | BDT |